| 000 | 00533nam a22001937a 4500 | ||
|---|---|---|---|
| 003 | KOHA_MİRAKIL | ||
| 005 | 20251013111754.0 | ||
| 008 | 251013b tu ||||| |||| 00| 0 tur d | ||
| 020 | _a9789750531392 | ||
| 040 |
_aTR-AnABB _btur _cTR-AnABB |
||
| 041 | _atur | ||
| 082 |
_a828.335 _bSTE 2021 |
||
| 100 | 1 | _aSteinbeck, John, | |
| 245 | 1 | 0 |
_aAl midilli / _cJohn Steinbeck |
| 260 |
_aİstanbul : _bİletişim Yayınları, _c2021 |
||
| 300 |
_a97 sayfa ; _c21 cm |
||
| 650 | 0 | 4 | _aAmerikan edebiyatı, roman |
| 942 |
_2ddc _cBK |
||
| 999 |
_c9135 _d9135 |
||
| 900 | _bGizem YORULMAZ | ||